| 000 | 00500nam a22001337a 4500 | ||
|---|---|---|---|
| 005 | 20241217092728.0 | ||
| 008 | 241001b |||||||| |||| 00| 0 eng d | ||
| 100 |
_aNicolas, Autelia T. _eauthor. _961900 |
||
| 245 |
_aTips to help learners become writers / _cAutelia T. Nicolas. |
||
| 260 |
_aPhilippines; _bPublishers Association of the Philippines, Inc., _cNovember 2018. |
||
| 300 |
_aVolume 66, pages 222-223, _billustration. |
||
| 700 |
_aNicolas, Autelia T. _eauthor. _961901 |
||
| 942 |
_2ddc _cPER |
||
| 999 |
_c22056 _d22056 |
||